00658nam a2200133Ia 4500008004100000100002500041245015700066245014500223260005300368260001900421300000800440650001500448856006100463170221s9999 xx 000 0 und d aMohd Zainudin Othman 2aA Strategy towards Team Integration Practice for Improving the Design and Construction Process in the Malaysian Industrialized Building System Projects  cMohd Zainudin Othman, Mohd Nasrun Mohd Nawi, Faizatul Akmar Abdul Nifa, Mazri Yaakob, Khadafi Rofie, Zainal Md Zan, Mohd Affendi Ahmad Pozin bInternational Review of Management and Marketing cSeptember 2016 a5:3 xMarketing. uhttp://www.econjournals.com/index.php/irmm/issue/view/97